Domain expert interaction with artificial intelligence in medical applications

Salvato in:
Dettagli Bibliografici
Autore principale: Tóthová, Karolína (Autore)
Altri autori: Laco, Miroslav (Relatore della tesi)
Natura: Manoscritto Libro
Lingua:slovacco
inglese
Pubblicazione: 2025
Soggetti:
Accesso online:http://is.stuba.sk/zp/portal_zp.pl?podrobnosti=184066
Tags: Aggiungi Tag
Nessun Tag, puoi essere il primo ad aggiungerne!!

MARC

LEADER 00000ntm a22000003a 4500
001 stuzp105864
003 SK-STU
005 20250607211856.9
007 ta
008 150427s2015----xo-----f-mn---000-0-slo-d
040 |a STU  |b slo 
041 0 |a eng 
100 1 |a Tóthová, Karolína  |u 070400  |4 aut  |U FIIT Fakulta informatiky a informačných technológií  |T FIIT Ústav počítačového inžinierstva a aplikovanej informatiky  |X 103166  |U I400  |Y 672  |7 103166 
242 0 1 |a Interakcia doménového experta s umelou inteligenciou v medicínskych aplikáciách  |y slo 
245 1 0 |a Domain expert interaction with artificial intelligence in medical applications 
260 |c 2025 
650 4 |a Image annotation  |2 eng 
650 4 |a Learnability  |2 eng 
650 4 |a Human-AI interaction  |2 eng 
650 4 |a AI in medical applications  |2 eng 
650 4 |a Naučiteľnosť  |2 slo 
650 4 |a Anotácia snímkov  |2 slo 
650 4 |a Interakcia človeka s umelou inteligenciou  |2 slo 
650 4 |a Umelá inteligencia v medicínskych aplikáciách  |2 slo 
700 1 |a Laco, Miroslav  |u 070400  |k Z1  |4 ths  |U FIIT Fakulta informatiky a informačných technológií  |T FIIT Ústav počítačového inžinierstva a aplikovanej informatiky  |X 72202  |U I400  |Y 672  |7 72202 
856 4 |u http://is.stuba.sk/zp/portal_zp.pl?podrobnosti=184066